| 000 | 01532nam a2200421 c 4500 | ||
|---|---|---|---|
| 001 | 52405 | ||
| 003 | ES-MaCES | ||
| 005 | 20250203133958.0 | ||
| 007 | cr ||||||||||| | ||
| 008 | 220726s2021 sp 000 ||spa d | ||
| 017 |
_aNA 902-2021 _bDL |
||
| 020 | _a9788413904658 | ||
| 020 | _a9788413904672 (electrónico) | ||
| 040 |
_aES-MaCES _bspa _cES-MaCES |
||
| 245 | 1 | 0 |
_aPerspectivas jurídicas y económicas del "Informe de Evaluación y Reforma del Pacto de Toledo" (2020) _cFrancisco Javier Hierro Hierro, dir. y coord. |
| 250 | _a1ª ed | ||
| 260 |
_aCizur Menor (Navarra) _bAranzadi-Thomson Reuters _c2021 |
||
| 300 |
_a984 p. _c24 cm |
||
| 490 | 1 | _aEstudios | |
| 500 | _a Publicación en formato DÚO (papel + libro ectrónico). Disponible en formato electrónico mediante la aplicación PROVIEW | ||
| 504 | _aBibliografía | ||
| 541 | _cCompra | ||
| 650 | 4 |
_arégimen de pensión _927042 |
|
| 650 | 4 |
_ajubilación _928360 |
|
| 650 | 4 |
_alegislación de seguridad social _929855 |
|
| 650 | 4 |
_areforma de la seguridad social _930668 |
|
| 650 | 4 |
_aEspaña _926964 |
|
| 650 | 4 |
_a2020 _931139 |
|
| 650 | 4 |
_ainforme _928986 |
|
| 650 | 4 |
_aevaluación económica _927071 |
|
| 650 | 4 |
_arégimen jurídico _929894 |
|
| 650 | 4 |
_arepertorio de recomendaciones prácticas _929261 |
|
| 653 | 1 | 0 | _aSeguridad Social |
| 700 | 1 |
_914820 _aHierro Hierro, Francisco Javier _edir. y coord. |
|
| 856 | 4 |
_uhttps://miespacio.aranzadilaley.es/Account/Login _yLegalteca |
|
| 902 | _aLIB Libro | ||
| 942 |
_2CES _cBK _h3.0. |
||
| 999 |
_c52405 _d52405 |
||